| 000 | 00522nam a2200181Ia 4500 | ||
|---|---|---|---|
| 008 | 191130s1996##################000#0#eng## | ||
| 020 | _a040685159x | ||
| 040 |
_aACL _cACL |
||
| 082 | _a348.4204 VAN | ||
| 245 |
_aThe all England law reports 1996 _cedited by Caroline vandridge-Ames LLM |
||
| 260 |
_aLondon _bButterworth & Co _c1996 |
||
| 300 | _a992 p.; 23 cm. | ||
| 650 | _aLaw- Reports | ||
| 700 | _aVandridge Ames, Caroline | ||
| 990 | _a26c0c77dac10000c77879bde3c9647e2 | ||
| 991 | _a399527 | ||
| 999 |
_c300791 _d300791 |
||